BODY LANGUAGE AT WORK (Record no. 19574)

MARC details
000 -LEADER
fixed length control field 00341nam a2200133Ia 4500
008 - FIXED-LENGTH DATA ELEMENTS--GENERAL INFORMATION
fixed length control field 240624s9999 xx 000 0 und d
041 ## - LANGUAGE CODE
Language code of text/sound track or separate title eng
082 ## - DEWEY DECIMAL CLASSIFICATION NUMBER
Classification number 153.69 FUR
100 ## - MAIN ENTRY--PERSONAL NAME
Personal name FURNHAM ADRIAN
245 ## - TITLE STATEMENT
Title BODY LANGUAGE AT WORK
260 ## - PUBLICATION, DISTRIBUTION, ETC.
Date of publication, distribution, etc. 2000
Place of publication, distribution, etc. Hyderabad
Name of publisher, distributor, etc. Universities Press (India) Pvt.
300 ## - PHYSICAL DESCRIPTION
Extent 82p. ; 20cm.
365 ## - TRADE PRICE
Currency code RS
Price amount 25
Holdings
Withdrawn status Lost status Damaged status Not for loan Home library Current library Shelving location Date acquired Source of acquisition Cost, normal purchase price Total Checkouts Full call number Barcode Date due Date last seen Date last checked out Copy number Price effective from Koha item type
        IMTN IMTN Rack 2-B 09/27/2012 AP 175.00 7 153.69 FUR 19574 01/25/2026 01/15/2026 01/15/2026 1 06/24/2024 Books
Designed & Maintained by: LRC IMT Nagpur Contact: lrc@imtnag.ac.in© 2024. All Rights Reserved.